| 000 | 00728nam a2200205 a 4500 | ||
|---|---|---|---|
| 001 | 000040634 | ||
| 005 | 20250307073710.0 | ||
| 008 | 130904s2008 dr r 001 0 spa d | ||
| 020 | _a9788479624255 | ||
| 040 |
_aDO-SdBNP _bspa _cBNPHU |
||
| 082 |
_a980 _bH519h |
||
| 100 | 1 |
_aHenríquez Ureña, Pedro, _d1884-1946 _91718 |
|
| 245 | 1 | 0 |
_aHistoria cultural y literaria de la América hispánica / _cPedro Henríquez Ureña. |
| 260 |
_aMadrid : _bVerbum, D.L., _c2008. |
||
| 300 |
_a506 p. : _bil. ; _c22 cm. |
||
| 490 | 1 |
_aVerbum mayor _ateoría y crítica _v5 |
|
| 500 | _aIncluye índice | ||
| 504 | _aIncluye referencias bibliográficas y notas al pie de las páginas | ||
| 830 | 0 |
_aVerbum mayor _pteoría y crítica _n5 _966987 |
|
| 999 |
_c40124 _d40124 |
||